BANA ALLAH YETER (Record no. 905747)

MARC details
000 -LEADER
sabit uzunluktaki kontrol alanı 00238nam a2200097Ia 4500
001 - KONTROL NUMARASI
kontrol alanı 905747
005 - EN SON İŞLEMİN TARİH VE ZAMANI
kontrol alanı 20250826184958.0
008 - SABİT-UZUNLUKTA VERİ ÖĞELERİ--GENEL BİLGİ
sabit uzunluktaki kontrol alanı 250824s9999 xx 000 0 und d
245 #0 - ESER / YAZAR
ESER ADI BANA ALLAH YETER
Yazar Adı UĞUR KOŞAR
260 ## - YAYIN, DAĞITIM, VB.
YAYIN EVİ DESTEK YAYINLARI
Holdings
Düşüm durumu Kayıp durumu Hasar Durumu Ödünç verilmez Ana kütüphane Geçerli Kütüphane Edinilen tarih Toplam ödünç verme sayısı Barkod Son görüntüleme tarihi Son ödünç verme tarihi Fiyatın geçerli olmaya başladığı tarih Koha materyal türü
        ŞEMS-İ TEBRİZİ ANADOLU İMAM HATİP LİSESİ ŞEMS-İ TEBRİZİ ANADOLU İMAM HATİP LİSESİ 24.08.2025 1 10671220 13.10.2025 29.09.2025 26.08.2025 Books